| 000 -LEADER |
| fixed length control field |
01604cam a2200373 a 4500 |
| 001 - CONTROL NUMBER |
| control field |
81-265-1261-X |
| 003 - CONTROL NUMBER IDENTIFIER |
| control field |
OSt |
| 005 - DATE AND TIME OF LATEST TRANSACTION |
| control field |
20211029113237.0 |
| 008 - FIXED-LENGTH DATA ELEMENTS--GENERAL INFORMATION |
| fixed length control field |
010208s2002 nyua b 001 0 eng |
| 010 ## - LIBRARY OF CONGRESS CONTROL NUMBER |
| LC control number |
2001017854 |
| 020 ## - INTERNATIONAL STANDARD BOOK NUMBER |
| International Standard Book Number |
9788126512614 |
| 038 ## - RECORD CONTENT LICENSOR |
| Staff Name |
khadija |
| 040 ## - CATALOGING SOURCE |
| Original cataloging agency |
DLC |
| Transcribing agency |
DLC |
| Modifying agency |
DLC |
| 050 00 - LIBRARY OF CONGRESS CALL NUMBER |
| Classification number |
QC320 |
| Item number |
.I45 2002 |
| 082 00 - DEWEY DECIMAL CLASSIFICATION NUMBER |
| Classification number |
621.4022 |
| Edition number |
21 |
| Author Mark |
INC |
| 100 1# - MAIN ENTRY--PERSONAL NAME |
| Personal name |
Incropera, Frank P. |
| 9 (RLIN) |
9033 |
| 245 10 - TITLE STATEMENT |
| Title |
Fundamentals of Heat and Mass Transfer / |
| Statement of responsibility, etc. |
Frank P. Incropera, David P. DeWitt. |
| 250 ## - EDITION STATEMENT |
| Edition statement |
5th ed. |
| 260 ## - PUBLICATION, DISTRIBUTION, ETC. |
| Place of publication, distribution, etc. |
New York : |
| Name of publisher, distributor, etc. |
J. Wiley, |
| Date of publication, distribution, etc. |
c2002. |
| 300 ## - PHYSICAL DESCRIPTION |
| Extent |
xix, 981 p. : |
| Other physical details |
ill. (some col.) ; |
| Dimensions |
26 cm. + |
| Accompanying material |
1 computer disc (4 3/4 in.) with user's guide. |
| 500 ## - GENERAL NOTE |
| General note |
Paperback. |
| 504 ## - BIBLIOGRAPHY, ETC. NOTE |
| Bibliography, etc. note |
Includes bibliographical references and index. |
| 538 ## - SYSTEM DETAILS NOTE |
| System details note |
System requirements for accompanying computer disc: Windows 3.1, Windows 95 or higher operating system. |
| 563 ## - BINDING INFORMATION |
| Binding note |
PB |
| 650 #0 - SUBJECT ADDED ENTRY--TOPICAL TERM |
| Topical term or geographic name entry element |
Heat |
| General subdivision |
Transmission. |
| 9 (RLIN) |
1537 |
| 650 #0 - SUBJECT ADDED ENTRY--TOPICAL TERM |
| Topical term or geographic name entry element |
Mass transfer. |
| 9 (RLIN) |
11005 |
| 700 1# - ADDED ENTRY--PERSONAL NAME |
| Personal name |
DeWitt, David P., |
| Dates associated with a name |
1934- |
| 9 (RLIN) |
83544 |
| 856 42 - ELECTRONIC LOCATION AND ACCESS |
| Materials specified |
Publisher description |
| Uniform Resource Identifier |
<a href="http://www.loc.gov/catdir/description/wiley037/2001017854.html">http://www.loc.gov/catdir/description/wiley037/2001017854.html</a> |
| 856 4# - ELECTRONIC LOCATION AND ACCESS |
| Materials specified |
Table of Contents only |
| Uniform Resource Identifier |
<a href="http://www.loc.gov/catdir/toc/onix06/2001017854.html">http://www.loc.gov/catdir/toc/onix06/2001017854.html</a> |
| 856 42 - ELECTRONIC LOCATION AND ACCESS |
| Materials specified |
Contributor biographical information |
| Uniform Resource Identifier |
<a href="http://www.loc.gov/catdir/enhancements/fy0612/2001017854-b.html">http://www.loc.gov/catdir/enhancements/fy0612/2001017854-b.html</a> |
| 906 ## - LOCAL DATA ELEMENT F, LDF (RLIN) |
| a |
7 |
| b |
cbc |
| c |
orignew |
| d |
1 |
| e |
ocip |
| f |
20 |
| g |
y-gencatlg |
| 942 ## - ADDED ENTRY ELEMENTS (KOHA) |
| Source of classification or shelving scheme |
|
| Koha item type |
Book |
| Classification part |
621.4022 |
| Item part |
8 |